| 000 | 00858cab a2200265 4500 | ||
|---|---|---|---|
| 001 | ABS54854 | ||
| 008 | 090401t1996 xxu||||| |||| 00| 0 eng d | ||
| 035 | _a(Sirsi) u12557 | ||
| 041 | _aeng | ||
| 100 | _aKnowles, R. | ||
| 245 | _aLoss and expense claims are clarified by case law | ||
| 260 | _c1996 | ||
| 350 | _a0 | ||
| 490 |
_aCSM (Chartered Surveyor Monthly) _v5(7) April 1996, 42-43(2) |
||
| 520 | _aConsiders "Property and Land Contracts Ltd v Alfred McAlpine Homes North Ltd" concerning head office overheads. | ||
| 650 | _aALFRED MCALPINE HOMES NORTH LTD | ||
| 650 | _aBUILT ENVIRONMENT-BUILDING CONTRACT FORMS | ||
| 650 | _aCONTRACT CLAIMS | ||
| 650 | _aHEAD OFFICE OVERHEADS | ||
| 650 | _aLOSS AND EXPENSE CLAIMS | ||
| 650 | _aPROPERTY AND LAND CONTRACTS LTD | ||
| 690 | _aBUILT ENVIRONMENT | ||
| 942 | _n0 | ||
| 948 | _c04/03/1997 | ||
| 999 |
_c8025 _d8025 |
||